Vrai fan de Porsche ? - Statistiques

Statistiques générales
  • Ce quiz a été pris 433 fois
  • Le résultat moyen est 6 sur 15
Statistiques - réponses
Question Réponse % Correct
Où est le siège social de Porsche ? Stuttgart
90%
Comment s'appelait d'abord la 911 ? 901
84%
Quel est le moteur de la Porsche 912 ? 4 cylindres à plat
51%
Qu'est-ce que la Porsche Junior ? Un tracteur
43%
De 1970 à 2017, combien y'a-t-il eu de victoires de Porsche aux 24h du Mans ? 19
42%
Quel est le premier prototype de la 911 ? Prototype T754 T7
38%
Quelle est la vitesse maximale de la Turbo S ? 315 km/h
36%
Les armoiries de quel Etat d'Allemagne sont inscrites sur le logo de Porsche ? Wurtemberg
34%
Quel est le nom complet de la marque ? Doktor Ingenieur honoris causa Ferdinand Porsche Aktiengesellschaft
26%
Comment se nomme la première voiture de Porsche ? Lohner-Porsche
25%
Quel est le seul film où il n'y a pas de Porsche ? The Irishman (2019)
24%
Quelle est la date de la fondation de Porsche ? 1931
22%
Quelle est la puissance d'une Carrera GTS ? 408 ch
19%
0 à 100 km/h en combien de temps pour une Turbo S ? 2,8 s
18%
Quelle est la date de la création de la 911 GT1 ? 1995
16%
Aucun quiz correspondant
Distribution des résultats
% des personnes avec chaque résultat
Percentile par nombre de réponses
Votre historique - résultats
Vous n’avez pas pris ce quiz